| 000 | 00877nam a22002777a 4500 | ||
|---|---|---|---|
| 001 | 49 | ||
| 003 | FISKH | ||
| 005 | 20230217135158.0 | ||
| 008 | 230217b cb ||||| |||| 00| 0 eng d | ||
| 020 | _a0439339057 | ||
| 040 |
_aDLC _cDLC _dDLC |
||
| 042 | _apcc | ||
| 050 | 0 | 0 |
_aRJ496.A25 _bA244 2003 |
| 082 | 0 | 0 |
_a362.1/9685889 _221 |
| 100 | 1 |
_aAbeel, Samantha, _d1977- |
|
| 245 | 1 | 0 |
_aMy thirteenth winter : _ba memoir / _cby Samantha Abeel. |
| 260 |
_aNew York : _bOrchard Books _cc2003. |
||
| 300 |
_a203 p. ; _c22 cm. |
||
| 521 | 8 |
_a1050 _bLexile |
|
| 600 | 1 | 0 |
_aAbeel, Samantha, _d1977- |
| 650 | 0 |
_aAcalculia in children _xPatients _vBiography. |
|
| 650 | 0 |
_aLearning disabled children _vBiography. |
|
| 856 | 4 | 2 |
_3Publisher description _uhttp://www.loc.gov/catdir/description/schol051/2003040465.html |
| 906 |
_a7 _bcbc _corignew _d1 _eocip _f20 _gy-gencatlg |
||
| 942 |
_2lcc _cBK _n0 |
||
| 999 |
_c49 _d49 |
||